000 01233nam a22002537a 4500
999 _c62074
_d62074
005 20251125233057.0
008 s2553 th ||||| |||| 00| 0 tha d
020 _a9786167347240
040 _aNALT
050 _aJQ1745.A5 ก817ส 2553 ล.1
100 0 _aเกษียร เตชะพีระ
245 1 0 _aสงครามระหว่างสี 1 : ก่อนถึงจุดที่ไม่อาจหวนกลับ
260 3 _aกรุงเทพฯ :
_bopenbooks,
_c2553
300 _a228 หน้า :
_b ภาพประกอบ, ตาราง ;
_c 21 ซม.
650 0 4 _aไทย -- การเมืองและการปกครอง -- รวมเรื่อง
650 0 4 _aไทย -- การเมืองและการปกครอง -- 2549--2550
650 0 4 _aรัฐประหาร -- ไทย
650 0 4 _aความขัดแย้งทางสังคม -- ไทย
650 0 4 _aความขัดแย้งทางการเมือง -- ไทย
850 _aNALT
856 4 0 _uhttps://hdl.handle.net/20.500.14156/338172
_71
942 _cGB
_2lcc